01287cam a22002534a 450000500170000000800410001702000150005804000340007304100080010704400070011508200170012224502190013924601000035826000910045830000570054950400550060665000450066165000470070665000420075365301280079570000390092370000310096270000400099320160817083722.0040816s2003 ck ab b 000 0 spa c a9588067103 aYUScYUSdCOOdDLCdCO-BoIAVH0 aspa ack04a628.36bF24s00aVI fase de seguimiento de efluentes industriales y corrientes superficiales de Bogotá D.C. /c[investigación y edición, César Augusto Buitrago Gómez, Rodrigo Suárez Castaño, Néstor Bernal Suárez].3 aSexta fase de seguimiento de efluentes industriales y corrientes superficiales de Bogotá D.C. aBogotá :bIDEAM :bBogotá para Vivir :bAlcaldía Mayor de Bogotá D.C,c[2003?] a91 páginas :bilustraciones y mapas ;c28 x 21 cm. aIncluye referencias bibliográficas: página 87. 6aPolución del aguazColombiazBogotá. 6aDesechos industrialeszColombiazBogotá. 6aDesechos urbanoszColombiazBogotá. aHazardous wastesaWater pollutionaEnvironmental policyaFactory and trade wasteaEnvironmental aspectsaBogotá, Colombia1 aBuitrago Gómez, César Augusto.1 aBernal Suárez, Néstor.1 aSuárez Castaño, Rodrigo.eautor